000
00309nam a2200133Ia 4500
008
150201s2010 xx 000 0 und d
082
_a
615
_b
E10P
100
_a
PILLAI,KK
245
_a
EXPERIMENTAL PHARMACOLOGY
250
_a
1ST
260
_b
CBS
_a
DELHI
_c
2010
650
_a
PHARMACOLOGY
942
_2
ddc
_c
BK
_0
3
999
_c
1120
_d
1120